MARC

LEADER 00000nam0a2200000 4500
001 370110
005 20231102012241.0
035 |a (RuTPU)RU\TPU\retro\27518 
090 |a 370110 
100 |a 20220620d1978 km y0rusy50 ca 
101 0 |a rus 
102 |a RU 
105 |a a z 101zy 
200 1 |a Перспективы биоорганической химии и молекулярной биологии  |e международный симпозиум  |e тезисы докладов  |f Академия наук Узбекской ССР ; под ред. С. Н. Ананченко 
210 |a Москва  |a Ташкент  |c Изд-во АН Узбекской ССР  |d 1978 
215 |a 118 с.  |c ил. 
320 |a Библиогр. в конце докл. 
606 1 |a Биоорганическая химия  |x (биология)  |2 stltpush  |3 (RuTPU)RU\TPU\subj\64570  |9 81418 
606 1 |a Молекулярная биология  |2 stltpush  |3 (RuTPU)RU\TPU\subj\70459  |9 84719 
610 1 |a симпозиумы 
610 1 |a природные соединения 
610 1 |a ионы 
610 1 |a транспорт 
610 1 |a химический синтез 
610 1 |a химический синтез 
610 1 |a рибосомы 
610 1 |a биосинтез 
610 1 |a фотохимия 
610 1 |a лекарственные препараты 
610 1 |a пептиды 
610 1 |a биологически активные вещества 
675 |a 577.1(063)  |v 4 
675 |a 577.2(063)  |v 4 
702 1 |a Ананченко  |b С. Н.  |4 340 
712 0 2 |a Академия наук Узбекской ССР  |c (Ташкент)  |c (1943-1991)  |2 stltpush  |3 (RuTPU)RU\TPU\col\1343  |9 23551 
712 1 2 |a Перспективы биоорганической химии и молекулярной биологии  |c симпозиум  |e Мсква  |f 1978  |4 570 
801 1 |a RU  |b 63413507  |c 20220620 
942 |c BK